<?xml version="1.0" encoding="UTF-8"?>
<collection xmlns="http://www.loc.gov/MARC21/slim">
 <record>
  <leader>01435nam a22002177a 4500</leader>
  <controlfield tag="001">NCT_4_009021</controlfield>
  <controlfield tag="008">240530b        xxu||||| |||| 00| 0 vie d</controlfield>
  <datafield tag="999" ind1=" " ind2=" ">
   <subfield code="c">8392</subfield>
   <subfield code="d">8392</subfield>
  </datafield>
  <datafield tag="020" ind1=" " ind2=" ">
   <subfield code="a">9780590458139</subfield>
  </datafield>
  <datafield tag="082" ind1="0" ind2="4">
   <subfield code="2">23rd ed.</subfield>
   <subfield code="a">590</subfield>
   <subfield code="b">B891</subfield>
  </datafield>
  <datafield tag="100" ind1="1" ind2=" ">
   <subfield code="a">Backstein, Karen</subfield>
  </datafield>
  <datafield tag="245" ind1="1" ind2="0">
   <subfield code="a">The blind men and the elephant</subfield>
   <subfield code="n">Level 3</subfield>
   <subfield code="c">Karen Backstein ; Annie Mitra (Illustrations)</subfield>
  </datafield>
  <datafield tag="260" ind1=" " ind2=" ">
   <subfield code="a">New York</subfield>
   <subfield code="b">Scholastic Inc</subfield>
   <subfield code="c">1992</subfield>
  </datafield>
  <datafield tag="300" ind1=" " ind2=" ">
   <subfield code="a">48 p.</subfield>
   <subfield code="b">ill.</subfield>
   <subfield code="c">23cm</subfield>
  </datafield>
  <datafield tag="490" ind1="0" ind2=" ">
   <subfield code="a">Hello reader</subfield>
  </datafield>
  <datafield tag="520" ind1="3" ind2=" ">
   <subfield code="a">The classic fable tells of six blind men who are only allowed to touch one part of an elephant before having to guess the animal! Six blind people learned about the world through sound and touch. When the prince got an elephant, the men decided to go into the palace and touch it. One person touched the side, one person touched the body, one person touched the tusks, one person touched the ears, one person touched the tail, and one person touched the legs. They argued among themselves until the wise prince kindly told them that they were all right, but each felt only a part of the elephant. They just needed to put their heads - and all the parts - together</subfield>
  </datafield>
  <datafield tag="653" ind1=" " ind2=" ">
   <subfield code="a">Tham khảo</subfield>
  </datafield>
  <datafield tag="700" ind1="1" ind2=" ">
   <subfield code="a">Mitra, Annie</subfield>
   <subfield code="e">Illustrations</subfield>
  </datafield>
  <datafield tag="942" ind1=" " ind2=" ">
   <subfield code="2">ddc</subfield>
   <subfield code="c">BK</subfield>
  </datafield>
  <datafield tag="952" ind1=" " ind2=" ">
   <subfield code="0">0</subfield>
   <subfield code="1">0</subfield>
   <subfield code="2">ddc</subfield>
   <subfield code="4">0</subfield>
   <subfield code="6">590_000000000000000_B891</subfield>
   <subfield code="7">0</subfield>
   <subfield code="9">28948</subfield>
   <subfield code="a">000001</subfield>
   <subfield code="b">000001</subfield>
   <subfield code="d">2024-05-30</subfield>
   <subfield code="o">590 B891</subfield>
   <subfield code="p">TK.00978</subfield>
   <subfield code="r">2024-05-30</subfield>
   <subfield code="w">2024-05-30</subfield>
   <subfield code="y">BK</subfield>
  </datafield>
  <datafield tag="980" ind1=" " ind2=" ">
   <subfield code="a">Thư viện Trường Đại học Nam Cần Thơ</subfield>
  </datafield>
 </record>
</collection>
